New Countries after WW1 - Statistics

General Stats
  • This quiz has been taken 139 times
  • The average score is 9 of 10
Answer Stats
Hint Answer % Correct
Austria-Hungary Austria
97%
Austria-Hungary Hungary
97%
Russia Latvia
90%
Russia Poland
90%
Russia Estonia
89%
Russia Lithuania
89%
Austria-Hungary Czechoslovakia
87%
Russia Finland
87%
Austria-Hungary Yugoslavia
85%
Ottoman Empire Turkey
84%
No matching quizzes found
Score Distribution
Percent of People with Each Score
Percentile by Number Answered
Your Score History
You have not taken this quiz